Barbie as The Princess and the Pauper - Characters by Picture - Statistics

General Stats
  • This quiz has been taken 117 times
  • The average score is 9 of 16
Answer Stats
Picture Answer % Correct
Anneliese
94%
Erika
93%
Preminger
84%
King Dominick
81%
Julian
80%
Madame Carp
73%
Serafina
70%
Wolfie
69%
Queen Genevieve
61%
Herve
33%
Nick
33%
Maid
29%
Nack
29%
Midas
24%
Ambassador Bismark
23%
Bertie (Seamstress)
21%
No matching quizzes found
Score Distribution
Percent of People with Each Score
Percentile by Number Answered
Your Score History
You have not taken this quiz